Online katalóg knižníc regiónu Turca

Veľký atlas rastlín (Record no. 20240)

MARC details
000 -LEADER
fixed length control field 02094nam a2200577 a 4500
001 - CONTROL NUMBER
control field 20240
003 - CONTROL NUMBER IDENTIFIER
control field VRT
005 - DATE AND TIME OF LATEST TRANSACTION
control field 20260120104318.0
008 - FIXED-LENGTH DATA ELEMENTS--GENERAL INFORMATION
fixed length control field 240314s2009 xo oa g 001 0 slo
015 ## - NATIONAL BIBLIOGRAPHY NUMBER
National bibliography number SNBA2009/11-05465
020 ## - INTERNATIONAL STANDARD BOOK NUMBER
International Standard Book Number 9788055119106
Qualifying information (viaz.)
035 ## - SYSTEM CONTROL NUMBER
System control number 21AB9AD9-7F61-498D-B737-F43089C1F0A1
035 ## - SYSTEM CONTROL NUMBER
System control number urn:nbn:sk:snk-amjw0w
035 ## - SYSTEM CONTROL NUMBER
System control number urn:nbn:sk:snk-am0084ff
039 #9 - LEVEL OF BIBLIOGRAPHIC CONTROL AND CODING DETAIL [OBSOLETE]
Level of rules in bibliographic description 202403141443
Level of effort used to assign nonsubject heading access points VLOAD
Level of effort used to assign subject headings 201705062346
Level of effort used to assign classification AUTHORITY
Level of effort used to assign subject headings 201703031311
Level of effort used to assign classification AUTHORITY
Level of effort used to assign subject headings 201703031239
Level of effort used to assign classification AUTHORITY
040 ## - CATALOGING SOURCE
Original cataloging agency SNK
Language of cataloging slo
Transcribing agency SNK
Description conventions AACR2
041 1# - LANGUAGE CODE
Language code of text/sound track or separate title slo
Language code of original ger
043 ## - GEOGRAPHIC AREA CODE
Geographic area code ec-----
044 ## - COUNTRY OF PUBLISHING/PRODUCING ENTITY CODE
MARC country code xo
ISO country code SK
072 #7 - SUBJECT CATEGORY CODE
Subject category code 58
Subject category code subdivision Botanika
Source konspekt
080 ## - UNIVERSAL DECIMAL CLASSIFICATION NUMBER
Universal Decimal Classification number 582
Edition identifier 2001
080 ## - UNIVERSAL DECIMAL CLASSIFICATION NUMBER
Universal Decimal Classification number 581.9
Edition identifier 2001
080 ## - UNIVERSAL DECIMAL CLASSIFICATION NUMBER
Universal Decimal Classification number (4-191.2)
Edition identifier 2001
080 ## - UNIVERSAL DECIMAL CLASSIFICATION NUMBER
Universal Decimal Classification number (084.4)
Edition identifier 2001
100 1# - MAIN ENTRY--PERSONAL NAME
Personal name Bellmann, Heiko,
Dates associated with a name 1950-
Relationship aut
240 14 - UNIFORM TITLE
Uniform title Der Grosse Kosmos Pflanzenführer
Language of a work Slovensky
245 10 - TITLE STATEMENT
Title Veľký atlas rastlín
Remainder of title [1200 stredoeurópskych druhov : vyše 1300 fotografií]
Statement of responsibility, etc. Heiko Bellmann ; v spolupráci s Brunom P. Kremerom, Ingou Gotzmannovou a Lotharom Krieglsteinerom ; [z nemeckého originálu preložila Zuzana Ohrádková]
250 ## - EDITION STATEMENT
Edition statement [1. vyd.]
260 ## - PUBLICATION, DISTRIBUTION, ETC.
Place of publication, distribution, etc. Bratislava
Name of publisher, distributor, etc. Ikar
Date of publication, distribution, etc. 2009
300 ## - PHYSICAL DESCRIPTION
Extent 205 s.
Other physical details fareb. ilustr. a fotogr.
Dimensions 29 cm
504 ## - BIBLIOGRAPHY, ETC. NOTE
Bibliography, etc. note Reg. Terminologický slovníček
650 07 - SUBJECT ADDED ENTRY--TOPICAL TERM
Topical term or geographic name entry element rastliny
Source of heading or term SNKPH
650 07 - SUBJECT ADDED ENTRY--TOPICAL TERM
Topical term or geographic name entry element flóra
Source of heading or term SNKPH
650 07 - SUBJECT ADDED ENTRY--TOPICAL TERM
Topical term or geographic name entry element Plants
Source of heading or term SNKPHeng
650 07 - SUBJECT ADDED ENTRY--TOPICAL TERM
Topical term or geographic name entry element Flora
Source of heading or term SNKPHeng
651 #7 - SUBJECT ADDED ENTRY--GEOGRAPHIC NAME
Geographic name Európa stredná
Source of heading or term SNKPH
651 #7 - SUBJECT ADDED ENTRY--GEOGRAPHIC NAME
Geographic name Europe, Central
Source of heading or term SNKPHeng
655 #7 - INDEX TERM--GENRE/FORM
Genre/form data or focus term atlasy
Source of term SNKPH
655 #7 - INDEX TERM--GENRE/FORM
Genre/form data or focus term Atlases
Source of term SNKPHeng
700 1# - ADDED ENTRY--PERSONAL NAME
Personal name Ohrádková, Zuzana
Relationship trl
700 1# - ADDED ENTRY--PERSONAL NAME
Personal name Kremer, Bruno P.,
Dates associated with a name 1946-
Relationship aut
700 1# - ADDED ENTRY--PERSONAL NAME
Personal name Gotzmann, Inge,
Dates associated with a name 1969-
Relationship aut
700 1# - ADDED ENTRY--PERSONAL NAME
Personal name Krieglsteiner, Lothar
Relationship aut
942 ## - ADDED ENTRY ELEMENTS (KOHA)
Source of classification or shelving scheme Dewey Decimal Classification
Koha item type Odborná literatúra pre dospelých
Suppress in OPAC No
949 ## - LOCAL PROCESSING INFORMATION (OCLC)
6 17A0619713
a snkSB 77655
b snk2009/7835
o 929/09
s 6100:20140925
949 ## - LOCAL PROCESSING INFORMATION (OCLC)
6 17A0619714
a snkSB 77655 D1
b snk2009/7836
o 929/09
949 ## - LOCAL PROCESSING INFORMATION (OCLC)
6 2889147201
a savukV 49092
b savuk2009/912
949 ## - LOCAL PROCESSING INFORMATION (OCLC)
6 0133093557
a snmk
b snmk93557
949 ## - LOCAL PROCESSING INFORMATION (OCLC)
6 273K0506245
a svkpoC 49650
b svkpo515590
r Poškodená väzba
980 ## - EQUIVALENCE OR CROSS-REFERENCE-SERIES STATEMENT--PERSONAL NAME/TITLE [LOCAL, CANADA]
Personal name 582
Holdings
Stav vyradenia Strata Poškodenie Spôsob nadobudnutia Domovská knižnica Aktuálna knižnica Dátum nadobudnutia Total checkouts Čiarový kód exemplára Date last seen Typ exemplára
      Dar Obecná knižnica Horná Štubňa Obecná knižnica Horná Štubňa 20.01.2026   4736200253 20.01.2026 Odborná literatúra pre dospelých
Projekt je podporený Slovenskou asociáciou knižníc
Prevádzkuje Turčianska knižnica Martin 2026